<?xml version="1.0" encoding="UTF-8"?><?xml-stylesheet type="text/xsl" href="static/style.xsl"?><OAI-PMH xmlns="http://www.openarchives.org/OAI/2.0/" xmlns:xsi="http://www.w3.org/2001/XMLSchema-instance" xsi:schemaLocation="http://www.openarchives.org/OAI/2.0/ http://www.openarchives.org/OAI/2.0/OAI-PMH.xsd"><responseDate>2026-04-17T04:16:13Z</responseDate><request verb="GetRecord" identifier="oai:www.recercat.cat:2117/424381" metadataPrefix="marc">https://recercat.cat/oai/request</request><GetRecord><record><header><identifier>oai:recercat.cat:2117/424381</identifier><datestamp>2025-07-22T17:41:35Z</datestamp><setSpec>com_2072_1033</setSpec><setSpec>col_2072_452951</setSpec></header><metadata><record xmlns="http://www.loc.gov/MARC21/slim" xmlns:dcterms="http://purl.org/dc/terms/" xmlns:xsi="http://www.w3.org/2001/XMLSchema-instance" xmlns:doc="http://www.lyncode.com/xoai" xsi:schemaLocation="http://www.loc.gov/MARC21/slim http://www.loc.gov/standards/marcxml/schema/MARC21slim.xsd">
   <leader>00925njm 22002777a 4500</leader>
   <datafield ind2=" " ind1=" " tag="042">
      <subfield code="a">dc</subfield>
   </datafield>
   <datafield ind2=" " ind1=" " tag="720">
      <subfield code="a">García Dorado, Òscar</subfield>
      <subfield code="e">author</subfield>
   </datafield>
   <datafield ind2=" " ind1=" " tag="260">
      <subfield code="c">2025-01-27</subfield>
   </datafield>
   <datafield ind2=" " ind1=" " tag="520">
      <subfield code="a">Aquest treball final de grau analitza les tecnologies d'emmagatzematge d'energia elèctrica a gran escala, amb èmfasi en la seva importància per a la integració d'energies renovables al sistema energètic. El projecte examina els desafiaments associats a la intermitència de fonts renovables com l'energia solar o eòlica, i estudia diverses solucions tecnològiques per mitjà de l'emmagatzematge d'energia de manera eficient i sostenible.&#xd;
S'hi inclou una revisió de diferents sistemes d'emmagatzematge, com les bateries de ió liti, els sistemes hidroelèctrics de bombeig, els sistemes d'aire comprimit, l'emmagatzematge d'energia per gravetat amb materials sòlids, les bateries de flux redox i els sistemes basats en hidrogen. Cada tecnologia es contextualitza en termes de la seva aplicabilitat, capacitat, i viabilitat futura.&#xd;
A l’aplicació pràctica, es realitza un estudi sobre la implementació d'un sistema d'emmagatzematge per donar suport a una instal·lació fotovoltaica destinada a alimentar un centre de dades. Aquesta anàlisi inclou la selecció tecnològica, simulacions amb MATLAB, i una estimació de l'impacte econòmic i ambiental.&#xd;
El treball ofereix una visió integradora sobre les possibilitats i limitacions dels diferents sistemes d’emmagatzematge, tot ressaltant la seva contribució al desenvolupament d'un model energètic sostenible.</subfield>
   </datafield>
   <datafield ind2=" " ind1=" " tag="520">
      <subfield code="a">Este trabajo final de grado analiza las tecnologías de almacenamiento de energía eléctrica a gran escala, con énfasis en su importancia para la integración de energías renovables en el sistema energético. El proyecto examina los desafíos asociados a la intermitencia de fuentes renovables como la energía solar o eólica, y estudia diversas soluciones tecnológicas mediante el almacenamiento de energía de manera eficiente y sostenible.&#xd;
Se incluye una revisión de diferentes sistemas de almacenamiento, como las baterías de ion litio, los sistemas hidroeléctricos de bombeo, los sistemas de aire comprimido, el almacenamiento de energía por gravedad con materiales sólidos, las baterías de flujo redox y los sistemas basados en hidrógeno. Cada tecnología se contextualiza en términos de su aplicabilidad, capacidad y viabilidad futura.&#xd;
En la aplicación práctica, se realiza un estudio sobre la implementación de un sistema de almacenamiento para dar soporte a una instalación fotovoltaica destinada a alimentar un centro de datos. Este análisis incluye la selección tecnológica, simulaciones con MATLAB y una estimación del impacto económico y ambiental.&#xd;
El trabajo ofrece una visión integradora sobre las posibilidades y limitaciones de los diferentes sistemas de almacenamiento, resaltando su contribución al desarrollo de un modelo energético sostenible.</subfield>
   </datafield>
   <datafield ind2=" " ind1=" " tag="520">
      <subfield code="a">This final degree project analyzes large-scale electrical energy storage technologies, emphasizing their importance for integrating renewable energies into the energy system. The project examines the challenges associated with the intermittency of renewable sources such as solar or wind energy and studies various technological solutions for energy storage in an efficient and sustainable way.&#xd;
It includes a review of different storage systems, such as lithium-ion batteries, pumped hydroelectric systems, compressed air systems, gravity-based energy storage with solid materials, redox flow batteries, and hydrogen-based systems. Each technology is contextualized in terms of its applicability, capacity, and future viability.&#xd;
As part of the practical analysis, a study is conducted on the implementation of a storage system to support a photovoltaic installation aimed at powering a data center. This analysis includes technology selection, MATLAB simulations, and an estimation of the economic and environmental impact.&#xd;
The project provides an integrative view of the possibilities and limitations of different storage systems, highlighting their contribution to developing a sustainable energy model.&#xd;
 </subfield>
   </datafield>
   <datafield tag="653" ind2=" " ind1=" ">
      <subfield code="a">Àrees temàtiques de la UPC::Energies</subfield>
   </datafield>
   <datafield tag="653" ind2=" " ind1=" ">
      <subfield code="a">Electric power</subfield>
   </datafield>
   <datafield tag="653" ind2=" " ind1=" ">
      <subfield code="a">Energy storage</subfield>
   </datafield>
   <datafield tag="653" ind2=" " ind1=" ">
      <subfield code="a">Photovoltaic power systems</subfield>
   </datafield>
   <datafield tag="653" ind2=" " ind1=" ">
      <subfield code="a">Energia elèctrica</subfield>
   </datafield>
   <datafield tag="653" ind2=" " ind1=" ">
      <subfield code="a">Energia -- Emmagatzematge</subfield>
   </datafield>
   <datafield tag="653" ind2=" " ind1=" ">
      <subfield code="a">Instal·lacions fotovoltaiques</subfield>
   </datafield>
   <datafield ind2="0" ind1="0" tag="245">
      <subfield code="a">Sistemes d’emmagatzematge d’energia elèctrica a gran escala</subfield>
   </datafield>
</record></metadata></record></GetRecord></OAI-PMH>